[Event "Damhus-ch A"]
[Site "Rodovre"]
[Date "2011.09.27"]
[Round "4"]
[White "Boeskov, Steffen"]
[Black "Kolvig, Bent"]
[Result "0-1"]
[WhiteElo "1700"]
[BlackElo "2172"]
[PlyCount "34"]
[EventDate "2011.09.06"]
[EventType "tourn"]
[EventRounds "7"]
[EventCountry "DEN"]
[SourceTitle "EXT 2023"]
[Source "ChessBase"]
[SourceDate "2022.10.05"]
[SourceVersion "1"]
[SourceVersionDate "2022.10.05"]
[SourceQuality "1"]

1. e4 e6 2. d4 d5 3. exd5 exd5 4. Nf3 Bd6 5. Nc3 Ne7 6. Bg5 f6 7. Be3 Nbc6 8. Bb5 Be6 9. Qe2 Qd7 10. Ba4 a6 11. h3 b5 12. Bb3 Na5 13. Bxd5 Nxd5 14. Nxd5 Bxd5 15. Bd2+ Kf7 16. Bxa5 Rae8 17. Ne5+ Bxe5 0-1

[Event "Damhus-ch A"]
[Site "Rodovre"]
[Date "2011.09.20"]
[Round "3"]
[White "Ohayv, Nikolaj"]
[Black "Boeskov, Steffen"]
[Result "0-1"]
[WhiteElo "1816"]
[BlackElo "1700"]
[PlyCount "82"]
[EventDate "2011.09.06"]
[EventType "tourn"]
[EventRounds "7"]
[EventCountry "DEN"]
[SourceTitle "EXT 2023"]
[Source "ChessBase"]
[SourceDate "2022.10.05"]
[SourceVersion "1"]
[SourceVersionDate "2022.10.05"]
[SourceQuality "1"]

1. e4 e5 2. Nf3 Nc6 3. Bb5 f5 4. d3 fxe4 5. dxe4 Nf6 6. Bxc6 bxc6 7. 0-0 Bc5 8. Nxe5 0-0 9. Nc3 Ba6 10. Nd3 Bd4 11. Ne2 Bb6 12. Bg5 Qe8 13. Bxf6 Rxf6 14. Ng3 Qe6 15. e5 Rf7 16. Ne4 Qf5 17. Ng3 Qg6 18. Qd2 Raf8 19. Nh1 c5 20. Rae1 Bb7 21. Ng3 h5 22. e6 Re7 23. exd7 Rxd7 24. Qe2 Ba6 25. Nxh5 Bxd3 26. cxd3 Rxd3 27. Qe6+ Qxe6 28. Rxe6 Rd2 29. Rg6 Rf7 30. Ng3 Rxb2 31. a4 Ra2 32. Rg4 Rd2 33. Ne4 Rd4 34. f3 c4 35. Kh1 c3 36. a5 c2 37. axb6 Rd1 38. Kg1 Rxf1+ 39. Kxf1 c1Q+ 40. Kf2 axb6 41. Kg3 b5 0-1

[Event "Damhus-ch A"]
[Site "Rodovre"]
[Date "2011.09.13"]
[Round "2"]
[White "Boeskov, Steffen"]
[Black "Hejberg, Carsten"]
[Result "1/2-1/2"]
[WhiteElo "1700"]
[BlackElo "1889"]
[PlyCount "56"]
[EventDate "2011.09.06"]
[EventType "tourn"]
[EventRounds "7"]
[EventCountry "DEN"]
[SourceTitle "EXT 2023"]
[Source "ChessBase"]
[SourceDate "2022.10.05"]
[SourceVersion "1"]
[SourceVersionDate "2022.10.05"]
[SourceQuality "1"]

1. e4 d6 2. d4 Nf6 3. Nc3 c6 4. f4 Qa5 5. Bd2 e5 6. Nd5 Qd8 7. Nxf6+ Qxf6 8. dxe5 dxe5 9. Qf3 exf4 10. 0-0-0 Bd6 11. Bc4 Nd7 12. Re1 Ne5 13. Qe2 Nxc4 14. Qxc4 Be6 15. Qa4 Be5 16. Qa3 0-0-0 17. Nf3 Kb8 18. Nxe5 Qxe5 19. Rhf1 Ka8 20. Bxf4 Qb5 21. Be3 b6 22. h3 Rd7 23. Rd1 Rhd8 24. Qc3 Rxd1+ 25. Rxd1 Rxd1+ 26. Kxd1 Qf1+ 27. Kd2 Qxg2+ 28. Kd3 Qf1+ 1/2-1/2